000 00691nam a2200241Ia 4500
003 OSt
005 20220926040347.0
006 a|||||r|||| 00| 0
007 ta
008 220923b |||||||| |||| 00| 0 eng d
037 _cGeneral Book
040 _aRTL
_cRTL
_beng
041 _2eng
_aeng
082 _aX:8F, K3
100 _aZeff S A Ed.
_9343545
245 0 _aFinancial accounting theory
_b Issues and controvers
260 _c1963
490 _aMcgraw-hill accounting series ed by Norton M Bedford, etc.
650 _aBudgeting
700 _a Keller T F Ed.
_9343546
942 _hX:8F, K3
_cGB
_2CC
999 _c664597
_d664597